[Event "RF-2021-0-00516"]
[Site "LSS email"]
[Date "2021.09.16"]
[Round "?"]
[White "Beaver, Michael"]
[Black "Bokros, Csaba"]
[Result "0-1"]
[WhiteElo "1184"]
[BlackElo "1098"]
[PlyCount "43"]
[EventDate "2021.01.19"]
[EventType "tourn (corr)"]
[EventRounds "6"]
[EventCountry "GER"]
[SourceTitle "Corr 2024"]
[Source "ChessBase"]
[SourceDate "2023.10.19"]
[SourceVersion "1"]
[SourceVersionDate "2023.10.19"]
[SourceQuality "1"]

1. e4 e5 2. Nf3 Nc6 3. Bb5 a6 4. Bxc6 dxc6 5. 0-0 f6 6. Qe2 Ne7 7. d3 c5 8. h3 Nc6 9. Nc3 Be6 10. b3 Qd7 11. Rd1 0-0-0 12. a4 g5 13. Be3 Nd4 14. Bxd4 cxd4 15. Nd5 Bxd5 16. exd5 h5 17. h4 g4 18. Nd2 Qxd5 19. Qe4 Qe6 20. Rac1 f5 21. Qe2 Bb4 22. Re1 0-1

[Event "RF-2021-0-00516"]
[Site "LSS email"]
[Date "2021.09.01"]
[Round "?"]
[White "PVlV, Leg"]
[Black "Bokros, Csaba"]
[Result "1-0"]
[WhiteElo "1089"]
[BlackElo "1098"]
[PlyCount "61"]
[EventDate "2021.01.19"]
[EventType "tourn (corr)"]
[EventRounds "6"]
[EventCountry "GER"]
[SourceTitle "Corr 2024"]
[Source "ChessBase"]
[SourceDate "2023.10.19"]
[SourceVersion "1"]
[SourceVersionDate "2023.10.19"]
[SourceQuality "1"]

1. d4 Nf6 2. c4 e6 3. a3 d5 4. e3 c5 5. cxd5 exd5 6. Bb5+ Bd7 7. Bxd7+ Nbxd7 8. Nf3 c4 9. Ne5 Bd6 10. f4 Ne4 11. 0-0 0-0 12. Nc3 Nxc3 13. bxc3 Nf6 14. g4 Ne4 15. g5 Nxc3 16. Qh5 Bxe5 17. dxe5 Ne4 18. Rf3 Qd7 19. f5 Rae8 20. g6 fxg6 21. fxg6 hxg6 22. Rxf8+ Rxf8 23. Qxg6 Qh3 24. Qg2 Rf1+ 25. Kxf1 Qh5 26. Bd2 Qxe5 27. Rd1 Qh5 28. Qe2 Qg5 29. Qf3 c3 30. Be1 b6 31. Rc1 1-0

[Event "RF-2021-0-00516"]
[Site "LSS email"]
[Date "2021.08.09"]
[Round "?"]
[White "Bokros, Csaba"]
[Black "Zmolil, Karel"]
[Result "1/2-1/2"]
[WhiteElo "1098"]
[BlackElo "960"]
[PlyCount "54"]
[EventDate "2021.01.19"]
[EventType "tourn (corr)"]
[EventRounds "6"]
[EventCountry "GER"]
[SourceTitle "Corr 2024"]
[Source "ChessBase"]
[SourceDate "2023.10.19"]
[SourceVersion "1"]
[SourceVersionDate "2023.10.19"]
[SourceQuality "1"]

1. e4 c5 2. Nf3 Nc6 3. Bb5 Qb6 4. Nc3 e6 5. Bxc6 bxc6 6. d3 d5 7. e5 Ne7 8. 0-0 Ng6 9. b3 h6 10. Ba3 Ba6 11. Na4 Qa5 12. Qe1 Qxe1 13. Rfxe1 c4 14. Bxf8 Nxf8 15. Nc5 Bc8 16. dxc4 Nd7 17. Nxd7 Bxd7 18. c5 0-0 19. Nd4 Rfb8 20. Re3 a5 21. a3 Re8 22. Rae1 g6 23. h4 h5 24. a4 Ra6 25. Kh2 Bc8 26. Kg3 Kg7 27. Rc3 Re7 1/2-1/2

[Event "RF-2021-0-00515"]
[Site "LSS email"]
[Date "2021.06.01"]
[Round "?"]
[White "Rocek, Vladimir"]
[Black "Bokros, Csaba"]
[Result "0-1"]
[WhiteElo "1064"]
[BlackElo "1077"]
[PlyCount "48"]
[EventDate "2021.01.13"]
[EventType "tourn (corr)"]
[EventRounds "6"]
[EventCountry "GER"]
[SourceTitle "Corr 2024"]
[Source "ChessBase"]
[SourceDate "2023.10.19"]
[SourceVersion "1"]
[SourceVersionDate "2023.10.19"]
[SourceQuality "1"]

1. e4 e5 2. Nf3 Nc6 3. Bc4 Bc5 4. 0-0 Nf6 5. d3 d6 6. a3 0-0 7. h3 a5 8. Nc3 Nd4 9. Be3 c6 10. Ne1 d5 11. exd5 cxd5 12. Ba2 h6 13. Na4 Ba7 14. c3 Ne6 15. b3 b5 16. Nb2 d4 17. Bd2 dxc3 18. Bxc3 Bd4 19. Qd2 Bxc3 20. Qxc3 Nd4 21. Kh1 Nd5 22. Qc5 Bxh3 23. gxh3 Qh4 24. Qxd5 Qxh3+ 0-1

[Event "RF-2021-0-00514"]
[Site "LSS email"]
[Date "2021.04.24"]
[Round "?"]
[White "Verich, Oleg"]
[Black "Bokros, Csaba"]
[Result "0-1"]
[WhiteElo "1120"]
[BlackElo "1016"]
[PlyCount "48"]
[EventDate "2020.12.08"]
[EventType "tourn (corr)"]
[EventRounds "6"]
[EventCountry "GER"]
[SourceTitle "Corr 2024"]
[Source "ChessBase"]
[SourceDate "2023.10.19"]
[SourceVersion "1"]
[SourceVersionDate "2023.10.19"]
[SourceQuality "1"]

1. e4 e6 2. d4 d5 3. e5 c5 4. c3 Nc6 5. Nf3 Qb6 6. a3 c4 7. Nbd2 Na5 8. h4 Bd7 9. h5 f5 10. exf6 gxf6 11. g3 e5 12. dxe5 Bc5 13. Qe2 0-0-0 14. Bg2 Re8 15. 0-0 Bg4 16. h6 fxe5 17. Qe1 Nf6 18. Nxe5 Qc7 19. Ndf3 Bxf3 20. Nxf3 Rxe1 21. Rxe1 Qxg3 22. Nd4 Qg4 23. Kf1 Bxd4 24. cxd4 Rg8 0-1

[Event "RF-2021-0-00514"]
[Site "LSS email"]
[Date "2021.04.15"]
[Round "?"]
[White "Bokros, Csaba"]
[Black "Vlasov, Aleksandr"]
[Result "1-0"]
[WhiteElo "1016"]
[BlackElo "1161"]
[PlyCount "29"]
[EventDate "2020.12.08"]
[EventType "tourn (corr)"]
[EventRounds "6"]
[EventCountry "GER"]
[SourceTitle "Corr 2024"]
[Source "ChessBase"]
[SourceDate "2023.10.19"]
[SourceVersion "1"]
[SourceVersionDate "2023.10.19"]
[SourceQuality "1"]

1. e4 c5 2. Nf3 Nc6 3. Bb5 Nd4 4. Nxd4 cxd4 5. 0-0 a6 6. Be2 e6 7. c3 Qb6 8. cxd4 Qxd4 9. d3 Nf6 10. Nc3 b5 11. Be3 Qd6 12. Bf3 e5 13. d4 Be7 14. dxe5 Qxe5 15. Bd4 1-0

[Event "RN-2021-0-01601"]
[Site "LSS email"]
[Date "2021.01.03"]
[Round "?"]
[White "Bokros, Csaba"]
[Black "Kuttner, Jaromir"]
[Result "1-0"]
[WhiteElo "947"]
[BlackElo "979"]
[PlyCount "35"]
[EventDate "2020.09.28"]
[EventType "tourn (corr)"]
[EventRounds "6"]
[EventCountry "GER"]
[SourceTitle "Corr 2022"]
[Source "ChessBase"]
[SourceDate "2021.10.24"]
[SourceVersion "1"]
[SourceVersionDate "2021.10.24"]
[SourceQuality "1"]

1. e4 c5 2. Nf3 Nc6 3. Bb5 g6 4. 0-0 Bg7 5. Nc3 e6 6. Bxc6 dxc6 7. e5 Ne7 8. Ne4 0-0 9. d3 b6 10. Bg5 h6 11. Bf6 Rb8 12. h4 Qc7 13. h5 g5 14. Nfxg5 hxg5 15. Qd2 Bh6 16. Bxg5 Nf5 17. Bxh6 Qxe5 18. Qg5+ 1-0

[Event "RN-2021-0-01601"]
[Site "LSS email"]
[Date "2021.01.03"]
[Round "?"]
[White "Portas, Daniel"]
[Black "Bokros, Csaba"]
[Result "0-1"]
[WhiteElo "800"]
[BlackElo "947"]
[PlyCount "64"]
[EventDate "2020.09.28"]
[EventType "tourn (corr)"]
[EventRounds "6"]
[EventCountry "GER"]
[SourceTitle "Corr 2022"]
[Source "ChessBase"]
[SourceDate "2021.10.24"]
[SourceVersion "1"]
[SourceVersionDate "2021.10.24"]
[SourceQuality "1"]

1. e4 e5 2. Nf3 Nc6 3. Bb5 a6 4. Ba4 Nf6 5. 0-0 b5 6. Bb3 Bb7 7. d3 Bc5 8. c3 0-0 9. Bg5 h6 10. Bh4 d6 11. Re1 Bb6 12. h3 Nb8 13. Nbd2 Nbd7 14. a4 Nc5 15. axb5 Nxd3 16. Rf1 axb5 17. Qb1 Rxa1 18. Qxa1 g5 19. Bg3 Nc5 20. Bc2 Ncxe4 21. Nxe4 Nxe4 22. Bh2 Qa8 23. Qd1 Qa2 24. Qc1 Qd5 25. Bxe4 Qxe4 26. Bg3 Ra8 27. Re1 Qd3 28. Rd1 Qf5 29. Ne1 h5 30. Rd2 h4 31. Bh2 g4 32. hxg4 Qxg4 0-1

[Event "ZN-2019-0-04094"]
[Site "LSS email"]
[Date "2019.12.07"]
[Round "?"]
[White "Bokros, Csaba"]
[Black "Lauer, Frederic"]
[Result "0-1"]
[WhiteElo "904"]
[BlackElo "1118"]
[PlyCount "64"]
[EventDate "2019.11.30"]
[EventType "match (corr)"]
[EventRounds "2"]
[EventCountry "GER"]
[SourceTitle "Corr 2022"]
[Source "ChessBase"]
[SourceDate "2021.10.24"]
[SourceVersion "1"]
[SourceVersionDate "2021.10.24"]
[SourceQuality "1"]

1. e4 c5 2. Nc3 d6 3. d4 cxd4 4. Bb5+ Bd7 5. Bxd7+ Qxd7 6. Qxd4 Nc6 7. Qd3 Nf6 8. Nf3 g6 9. Nd5 Nxd5 10. 0-0 Nf6 11. c3 Bg7 12. Re1 0-0 13. Bf4 Rac8 14. h3 d5 15. Rad1 dxe4 16. Qxd7 Nxd7 17. Rxd7 exf3 18. Rxb7 e5 19. Be3 fxg2 20. Bxa7 Nxa7 21. Rxa7 Ra8 22. Rxa8 Rxa8 23. a3 Rb8 24. b4 Ra8 25. c4 Rxa3 26. Kxg2 Bf8 27. c5 Rb3 28. Re4 Rc3 29. Rxe5 Rc4 30. Re3 Rxb4 31. Rc3 Rb5 32. c6 Rb8 0-1

[Event "ZN-2019-0-04051"]
[Site "LSS email"]
[Date "2019.09.16"]
[Round "?"]
[White "Bokros, Csaba"]
[Black "Neuhausen, Rainer"]
[Result "1/2-1/2"]
[WhiteElo "910"]
[BlackElo "1028"]
[PlyCount "58"]
[EventDate "2019.09.03"]
[EventType "match (corr)"]
[EventRounds "2"]
[EventCountry "GER"]
[SourceTitle "Corr 2022"]
[Source "ChessBase"]
[SourceDate "2021.10.24"]
[SourceVersion "1"]
[SourceVersionDate "2021.10.24"]
[SourceQuality "1"]

1. c4 e5 2. e4 Nf6 3. d3 Bc5 4. Nf3 h6 5. Be2 d6 6. 0-0 Bg4 7. Nc3 Nc6 8. a3 Bxf3 9. Bxf3 0-0 10. Qc2 Nd4 11. Qd1 Nxf3+ 12. Qxf3 Nh7 13. b4 Bd4 14. Bb2 Ng5 15. Qg4 Ne6 16. Rab1 Qg5 17. Qxg5 Nxg5 18. Rfe1 Ne6 19. Nd5 Bxb2 20. Rxb2 c6 21. Ne7+ Kh7 22. g3 Rae8 23. Nf5 Rd8 24. Kg2 g6 25. Ne3 Nd4 26. h3 f5 27. exf5 Nxf5 28. Nxf5 gxf5 29. Rd2 Kg7 1/2-1/2

[Event "ZN-2019-0-04051"]
[Site "LSS email"]
[Date "2019.09.16"]
[Round "?"]
[White "Neuhausen, Rainer"]
[Black "Bokros, Csaba"]
[Result "1-0"]
[WhiteElo "1028"]
[BlackElo "910"]
[PlyCount "47"]
[EventDate "2019.09.03"]
[EventType "match (corr)"]
[EventRounds "2"]
[EventCountry "GER"]
[SourceTitle "Corr 2022"]
[Source "ChessBase"]
[SourceDate "2021.10.24"]
[SourceVersion "1"]
[SourceVersionDate "2021.10.24"]
[SourceQuality "1"]

1. e4 e6 2. d4 d5 3. exd5 Qxd5 4. Nc3 Bb4 5. a3 Bxc3+ 6. bxc3 Nf6 7. Nf3 0-0 8. Bd3 Nc6 9. 0-0 Re8 10. c4 Qd8 11. Bg5 h6 12. Be3 Ng4 13. h3 Nxe3 14. fxe3 a6 15. Be4 Ne7 16. c3 Rb8 17. Rb1 b6 18. c5 b5 19. a4 Bd7 20. Ne5 c6 21. axb5 axb5 22. Nxf7 Qa5 23. Nxh6+ Kh8 24. Qh5 1-0

[Event "RN-2019-0-01550"]
[Site "LSS email"]
[Date "2019.07.27"]
[Round "?"]
[White "Bokros, Csaba"]
[Black "Amuso, Jose Alberto"]
[Result "1-0"]
[WhiteElo "869"]
[BlackElo "814"]
[PlyCount "33"]
[EventDate "2019.07.08"]
[EventType "tourn (corr)"]
[EventRounds "6"]
[EventCountry "GER"]
[SourceTitle "Corr 2022"]
[Source "ChessBase"]
[SourceDate "2021.10.24"]
[SourceVersion "1"]
[SourceVersionDate "2021.10.24"]
[SourceQuality "1"]

1. e4 e6 2. Nc3 Bb4 3. a3 Bxc3 4. dxc3 h6 5. Qg4 g6 6. Bd3 Nf6 7. Qh4 g5 8. Bxg5 hxg5 9. Qxh8+ Ke7 10. Qxd8+ Kxd8 11. h4 g4 12. h5 e5 13. f4 d6 14. h6 Nh7 15. Rh4 Nc6 16. f5 Bd7 17. Rxg4 1-0

[Event "RN-2019-0-01550"]
[Site "LSS email"]
[Date "2019.07.27"]
[Round "?"]
[White "Cherry, Brian"]
[Black "Bokros, Csaba"]
[Result "0-1"]
[WhiteElo "314"]
[BlackElo "869"]
[PlyCount "26"]
[EventDate "2019.07.08"]
[EventType "tourn (corr)"]
[EventRounds "6"]
[EventCountry "GER"]
[SourceTitle "Corr 2022"]
[Source "ChessBase"]
[SourceDate "2021.10.24"]
[SourceVersion "1"]
[SourceVersionDate "2021.10.24"]
[SourceQuality "1"]

1. e4 e5 2. Nf3 Nc6 3. d4 exd4 4. Nxd4 Bc5 5. Be3 Qf6 6. c3 Nge7 7. Qd2 a6 8. Bc4 Ne5 9. Bg5 Qg6 10. b3 f6 11. Be3 Qxg2 12. Rf1 Bxd4 13. Bxd4 Nf3+ 0-1

[Event "RN-2019-0-01550"]
[Site "LSS email"]
[Date "2019.07.27"]
[Round "?"]
[White "Digiglio, Rafael"]
[Black "Bokros, Csaba"]
[Result "0-1"]
[WhiteElo "619"]
[BlackElo "869"]
[PlyCount "54"]
[EventDate "2019.07.08"]
[EventType "tourn (corr)"]
[EventRounds "6"]
[EventCountry "GER"]
[SourceTitle "Corr 2022"]
[Source "ChessBase"]
[SourceDate "2021.10.24"]
[SourceVersion "1"]
[SourceVersionDate "2021.10.24"]
[SourceQuality "1"]

1. Nf3 Nf6 2. Nc3 d5 3. d4 c5 4. e3 Nc6 5. Bb5 e6 6. 0-0 Bd7 7. Bxc6 Bxc6 8. Ne2 Bd6 9. c3 0-0 10. b3 b6 11. b4 cxb4 12. cxb4 Bxb4 13. Bd2 Bd6 14. Qc2 Bb5 15. Rfe1 Bxe2 16. Rxe2 Ne4 17. Be1 Qd7 18. Nd2 Rac8 19. Qb3 Nc3 20. Kf1 Nxe2 21. Kxe2 Rc6 22. Qb2 Rfc8 23. Qb5 Qc7 24. f4 Rc2 25. Kf3 Bxf4 26. exf4 Qc3+ 27. Kg4 Qxa1 0-1

[Event "ZN-2019-0-03983"]
[Site "LSS email"]
[Date "2019.05.18"]
[Round "?"]
[White "Hughes, Peter James"]
[Black "Bokros, Csaba"]
[Result "0-1"]
[WhiteElo "476"]
[BlackElo "840"]
[PlyCount "56"]
[EventDate "2019.05.05"]
[EventType "match (corr)"]
[EventRounds "2"]
[EventCountry "GER"]
[SourceTitle "Corr 2022"]
[Source "ChessBase"]
[SourceDate "2021.10.24"]
[SourceVersion "1"]
[SourceVersionDate "2021.10.24"]
[SourceQuality "1"]

1. d4 d5 2. c4 dxc4 3. Nc3 Nf6 4. e4 e5 5. Nf3 exd4 6. Nxd4 c5 7. Nf5 Qxd1+ 8. Nxd1 Nxe4 9. Bxc4 Bxf5 10. 0-0 Nc6 11. Re1 Be7 12. Bd3 0-0-0 13. Bc2 Nd6 14. Ne3 Bxc2 15. Nxc2 Bf6 16. Rb1 Nc4 17. b3 Nd2 18. Bxd2 Rxd2 19. Ne3 Rxa2 20. Nd5 Bd4 21. Ne3 Re8 22. h3 Bxe3 23. fxe3 Rd8 24. Rbc1 Rdd2 25. g4 b6 26. e4 Nd4 27. Kf1 Rf2+ 28. Kg1 Nf3+ 0-1

[Event "ZN-2019-0-03920"]
[Site "LSS email"]
[Date "2019.01.16"]
[Round "?"]
[White "Bokros, Csaba"]
[Black "Tobey, Al"]
[Result "0-1"]
[WhiteElo "866"]
[BlackElo "585"]
[PlyCount "72"]
[EventDate "2019.01.10"]
[EventType "match (corr)"]
[EventRounds "2"]
[EventCountry "GER"]
[SourceTitle "Corr 2022"]
[Source "ChessBase"]
[SourceDate "2021.10.24"]
[SourceVersion "1"]
[SourceVersionDate "2021.10.24"]
[SourceQuality "1"]

1. Nf3 d6 2. d4 Nf6 3. e3 Ne4 4. Be2 g6 5. 0-0 Bg7 6. Bd3 d5 7. Bd2 Nc6 8. Bb5 Bd7 9. Nc3 Nxd2 10. Qxd2 e6 11. Bxc6 Bxc6 12. a3 0-0 13. Rfe1 a6 14. h3 f6 15. b4 Qd7 16. Ne2 Bb5 17. a4 Bxa4 18. Rxa4 Qxa4 19. c3 Qc6 20. Ra1 Rfe8 21. Qb2 Qb5 22. Qd2 a5 23. Rxa5 Rxa5 24. bxa5 Qxa5 25. Kh2 c5 26. dxc5 Qc7+ 27. Kg1 Qxc5 28. Nfd4 e5 29. Nb3 Qb6 30. Nbc1 Ra8 31. Nd3 Qc6 32. f3 Qc4 33. Nb2 Qb3 34. Nc1 Qb5 35. Ncd3 e4 36. Ne1 Ra2 0-1

[Event "RN-2018-0-01489"]
[Site "LSS email"]
[Date "2018.12.11"]
[Round "?"]
[White "Czaban, Tomasz"]
[Black "Bokros, Csaba"]
[Result "1-0"]
[WhiteElo "386"]
[BlackElo "944"]
[PlyCount "31"]
[EventDate "2018.11.22"]
[EventType "tourn (corr)"]
[EventRounds "6"]
[EventCountry "GER"]
[SourceTitle "Corr 2022"]
[Source "ChessBase"]
[SourceDate "2021.10.24"]
[SourceVersion "1"]
[SourceVersionDate "2021.10.24"]
[SourceQuality "1"]

1. e4 e5 2. Nf3 d6 3. Nc3 a6 4. d4 Be7 5. dxe5 Bg4 6. exd6 Bxd6 7. Be2 Nf6 8. h3 Bxf3 9. Bxf3 0-0 10. 0-0 Re8 11. Re1 Nc6 12. Nd5 Nxd5 13. exd5 Rxe1+ 14. Qxe1 Qe7 15. Qxe7 Re8 16. Qxe8+ 1-0

[Event "RN-2018-0-01489"]
[Site "LSS email"]
[Date "2018.12.10"]
[Round "?"]
[White "Bokros, Csaba"]
[Black "Cherry, Brian"]
[Result "0-1"]
[WhiteElo "944"]
[BlackElo "338"]
[PlyCount "60"]
[EventDate "2018.11.22"]
[EventType "tourn (corr)"]
[EventRounds "6"]
[EventCountry "GER"]
[SourceTitle "Corr 2022"]
[Source "ChessBase"]
[SourceDate "2021.10.24"]
[SourceVersion "1"]
[SourceVersionDate "2021.10.24"]
[SourceQuality "1"]

1. e4 e5 2. Nf3 Nc6 3. Bb5 d6 4. Bxc6+ bxc6 5. 0-0 Bg4 6. Nc3 Nf6 7. h3 Bh5 8. d3 Be7 9. Re1 0-0 10. a3 c5 11. b4 Nd7 12. bxc5 Nxc5 13. Nd5 c6 14. Nb4 Qc7 15. Bb2 f6 16. Bc3 Ne6 17. Na6 Qc8 18. Nb4 a5 19. Na2 d5 20. exd5 cxd5 21. g4 Bg6 22. Qc1 Bxa3 23. Qxa3 Ng5 24. Nxg5 fxg5 25. Rxe5 Qd8 26. Qc5 Qf6 27. Re6 Qxe6 28. Qd4 Qf6 29. Qxd5+ Qf7 30. Bd2 Qxd5 0-1

[Event "ZN-2018-0-03896"]
[Site "LSS email"]
[Date "2018.12.09"]
[Round "?"]
[White "Bokros, Csaba"]
[Black "Churyaev, Aleksej"]
[Result "0-1"]
[WhiteElo "944"]
[BlackElo "680"]
[PlyCount "40"]
[EventDate "2018.12.01"]
[EventType "match (corr)"]
[EventRounds "2"]
[EventCountry "GER"]
[SourceTitle "Corr 2022"]
[Source "ChessBase"]
[SourceDate "2021.10.24"]
[SourceVersion "1"]
[SourceVersionDate "2021.10.24"]
[SourceQuality "1"]

1. c4 Nf6 2. Nc3 e6 3. Nf3 h6 4. e3 b6 5. Be2 Bb7 6. 0-0 a6 7. d4 d6 8. a4 c6 9. b3 Be7 10. h3 Nbd7 11. Bb2 Qc7 12. Re1 Rd8 13. Qc2 e5 14. dxe5 dxe5 15. Bd3 0-0 16. Ne4 Nxe4 17. Bxe4 c5 18. Bxb7 Qxb7 19. Bxe5 Nxe5 20. g4 Nxf3+ 0-1

[Event "ZN-2018-0-03896"]
[Site "LSS email"]
[Date "2018.12.09"]
[Round "?"]
[White "Churyaev, Aleksej"]
[Black "Bokros, Csaba"]
[Result "1-0"]
[WhiteElo "680"]
[BlackElo "944"]
[PlyCount "45"]
[EventDate "2018.12.01"]
[EventType "match (corr)"]
[EventRounds "2"]
[EventCountry "GER"]
[SourceTitle "Corr 2022"]
[Source "ChessBase"]
[SourceDate "2021.10.24"]
[SourceVersion "1"]
[SourceVersionDate "2021.10.24"]
[SourceQuality "1"]

1. d4 d5 2. Nc3 e6 3. a3 Nf6 4. Bg5 Be7 5. Nf3 h6 6. Bxf6 Bxf6 7. e3 0-0 8. Be2 Nc6 9. 0-0 a6 10. Re1 Re8 11. Bf1 Bd7 12. e4 dxe4 13. Nxe4 b5 14. c3 Qb8 15. Nxf6+ gxf6 16. d5 e5 17. dxc6 Bxc6 18. Nh4 Qc8 19. Qh5 Bd5 20. Qxh6 Qg4 21. h3 Qg7 22. Qe3 Qxg2+ 23. Bxg2 1-0

[Event "ZN-2018-0-03715"]
[Site "LSS email"]
[Date "2018.01.22"]
[Round "?"]
[White "Bokros, Csaba"]
[Black "Simmons, Ernest"]
[Result "1-0"]
[WhiteElo "918"]
[BlackElo "739"]
[PlyCount "59"]
[EventDate "2018.01.18"]
[EventType "match (corr)"]
[EventRounds "2"]
[EventCountry "GER"]
[SourceTitle "Corr 2022"]
[Source "ChessBase"]
[SourceDate "2021.10.24"]
[SourceVersion "1"]
[SourceVersionDate "2021.10.24"]
[SourceQuality "1"]

1. c4 Nf6 2. Nc3 d6 3. d4 b6 4. Nf3 Bb7 5. g3 e6 6. Bg2 Be7 7. 0-0 0-0 8. e3 Nbd7 9. Re1 Ba6 10. Nd2 Rb8 11. Nb5 Bxb5 12. cxb5 d5 13. Qa4 Ra8 14. e4 a5 15. e5 Ne8 16. Nf3 h6 17. Bd2 Nb8 18. a3 Qd7 19. Bf1 f6 20. exf6 Nxf6 21. Bh3 Ne4 22. Ne5 Qc8 23. Ng6 Re8 24. Rxe4 dxe4 25. Qc4 Kh7 26. Bxe6 Qd8 27. Bf5 Bf6 28. Ne5+ g6 29. Qf7+ Kh8 30. Nxg6# 1-0

[Event "ZN-2018-0-03715"]
[Site "LSS email"]
[Date "2018.01.22"]
[Round "?"]
[White "Simmons, Ernest"]
[Black "Bokros, Csaba"]
[Result "0-1"]
[WhiteElo "739"]
[BlackElo "918"]
[PlyCount "60"]
[EventDate "2018.01.18"]
[EventType "match (corr)"]
[EventRounds "2"]
[EventCountry "GER"]
[SourceTitle "Corr 2022"]
[Source "ChessBase"]
[SourceDate "2021.10.24"]
[SourceVersion "1"]
[SourceVersionDate "2021.10.24"]
[SourceQuality "1"]

1. d4 d5 2. c4 dxc4 3. Nc3 e6 4. e3 Nf6 5. Bxc4 Bd7 6. Nf3 Bb4 7. Bd2 0-0 8. 0-0 a6 9. Qb3 c5 10. a3 Bxc3 11. Bxc3 b5 12. Be2 c4 13. Qc2 Bc6 14. Bb4 Re8 15. Rfd1 Be4 16. Qc1 Nc6 17. Bc3 Bd5 18. Qc2 Ne4 19. Qc1 Qf6 20. Qc2 Qg6 21. Nh4 Qf6 22. Nf3 a5 23. Rdc1 Rad8 24. Rd1 a4 25. Ra2 Qf5 26. Qc1 e5 27. dxe5 Nxc3 28. Qxc3 Bxf3 29. Bxf3 Rxd1+ 30. Bxd1 Qb1 0-1

[Event "ZN-2017-0-03592"]
[Site "LSS email"]
[Date "2017.07.24"]
[Round "?"]
[White "Bokros, Csaba"]
[Black "Venturas, Bob"]
[Result "1-0"]
[WhiteElo "896"]
[BlackElo "653"]
[PlyCount "101"]
[EventDate "2017.07.11"]
[EventType "match (corr)"]
[EventRounds "2"]
[EventCountry "GER"]
[SourceTitle "Corr 2022"]
[Source "ChessBase"]
[SourceDate "2021.10.24"]
[SourceVersion "1"]
[SourceVersionDate "2021.10.24"]
[SourceQuality "1"]

1. e4 e5 2. Nf3 Nc6 3. Nc3 Nf6 4. d3 h6 5. Be2 d5 6. exd5 Nxd5 7. Nxd5 Qxd5 8. 0-0 Bd6 9. c3 0-0 10. c4 Qe6 11. Re1 Bb4 12. Bd2 Bc5 13. Bc3 Rd8 14. Nd2 Bd7 15. Bf3 Qf5 16. Nb3 Bd4 17. Bxd4 Nxd4 18. Nxd4 exd4 19. Bxb7 Rab8 20. Be4 Qg5 21. b3 Bg4 22. Qc1 Qf6 23. Qa3 a6 24. h3 Bh5 25. Qa5 Bg6 26. Qxc7 Kh7 27. Bxg6+ Qxg6 28. Re4 Rbc8 29. Qe5 f6 30. Qf4 Rc5 31. Rxd4 Rf5 32. Qxf5 Rxd4 33. Qxg6+ Kxg6 34. Rd1 Kf5 35. f3 Kf4 36. Kf2 g5 37. g3+ Kf5 38. Ke3 Rd8 39. d4 a5 40. d5 Ke5 41. Re1 Kd6 42. Kd4 Rf8 43. c5+ Kd7 44. c6+ Kc7 45. Re7+ Kc8 46. d6 Rd8 47. Rc7+ Kb8 48. Kc5 f5 49. Rb7+ Ka8 50. c7 Rc8 51. Kb6 1-0

[Event "RN-2017-0-01299"]
[Site "LSS email"]
[Date "2017.06.08"]
[Round "?"]
[White "Vontina, Maria"]
[Black "Bokros, Csaba"]
[Result "1-0"]
[WhiteElo "726"]
[BlackElo "970"]
[PlyCount "63"]
[EventDate "2017.05.25"]
[EventType "tourn (corr)"]
[EventRounds "6"]
[EventCountry "GER"]
[SourceTitle "Corr 2022"]
[Source "ChessBase"]
[SourceDate "2021.10.24"]
[SourceVersion "1"]
[SourceVersionDate "2021.10.24"]
[SourceQuality "1"]

1. e4 e5 2. Nf3 d6 3. d4 exd4 4. Nxd4 c5 5. Nf3 Bg4 6. Be2 Nc6 7. 0-0 Nf6 8. Nc3 Be7 9. Bg5 h6 10. Bh4 g5 11. Bg3 a6 12. a4 0-0 13. h3 Bxf3 14. Bxf3 Nd4 15. Qd3 Qb6 16. b3 Kg7 17. Nd5 Nxf3+ 18. Qxf3 Nxd5 19. exd5 Rae8 20. c4 Bf6 21. Rae1 Qb4 22. Rxe8 Rxe8 23. Bxd6 Qd2 24. Bxc5 Rc8 25. Bb6 Re8 26. Rd1 Re1+ 27. Rxe1 Qxe1+ 28. Kh2 Qd2 29. g3 Qb4 30. Ba7 Qe7 31. Qe3 Qxe3 32. fxe3 1-0

[Event "RN-2017-0-01299"]
[Site "LSS email"]
[Date "2017.06.07"]
[Round "?"]
[White "Bokros, Csaba"]
[Black "Venturas, Bob"]
[Result "0-1"]
[WhiteElo "970"]
[BlackElo "686"]
[PlyCount "88"]
[EventDate "2017.05.25"]
[EventType "tourn (corr)"]
[EventRounds "6"]
[EventCountry "GER"]
[SourceTitle "Corr 2022"]
[Source "ChessBase"]
[SourceDate "2021.10.24"]
[SourceVersion "1"]
[SourceVersionDate "2021.10.24"]
[SourceQuality "1"]

1. d4 d5 2. e3 a6 3. Nf3 Nf6 4. Be2 Bf5 5. 0-0 e6 6. Nc3 Be7 7. a3 Nc6 8. b4 0-0 9. h3 h6 10. Bb2 Qd6 11. Qd2 Bd8 12. Nh4 Bh7 13. b5 Na5 14. Nf3 axb5 15. Nxb5 Qc6 16. Rfc1 Nc4 17. Bxc4 Qxc4 18. Nc3 Be4 19. Ne5 Qa6 20. f3 Bg6 21. Nxg6 fxg6 22. Ne2 Be7 23. Nf4 g5 24. Ne2 c5 25. a4 c4 26. c3 Qd6 27. Ba3 Qd7 28. Bxe7 Qxe7 29. Rcb1 Rfb8 30. Rb4 e5 31. dxe5 Qxe5 32. Rb5 Ra6 33. e4 Rd6 34. Nd4 Qe8 35. Nf5 Rdd8 36. exd5 Qd7 37. d6 Ne8 38. Rb6 Qxf5 39. g4 Qc5+ 40. Qd4 Qxd4+ 41. cxd4 Nxd6 42. a5 Nc8 43. Rb4 Rxd4 44. Rc1 Nd6 0-1

[Event "RN-2017-0-01281"]
[Site "LSS email"]
[Date "2017.04.21"]
[Round "?"]
[White "Kuttner, Jaromir"]
[Black "Bokros, Csaba"]
[Result "0-1"]
[WhiteElo "981"]
[BlackElo "920"]
[PlyCount "32"]
[EventDate "2017.04.12"]
[EventType "tourn (corr)"]
[EventRounds "6"]
[EventCountry "GER"]
[SourceTitle "Corr 2022"]
[Source "ChessBase"]
[SourceDate "2021.10.24"]
[SourceVersion "1"]
[SourceVersionDate "2021.10.24"]
[SourceQuality "1"]

1. e4 e5 2. Nf3 Nc6 3. d4 exd4 4. Bc4 Nf6 5. e5 d5 6. exf6 dxc4 7. Qe2+ Be6 8. fxg7 Bxg7 9. Bg5 Qd5 10. 0-0 d3 11. cxd3 Nd4 12. Nxd4 Bxd4 13. Nc3 Qxg5 14. Ne4 cxd3 15. Qxd3 Qd5 16. Rad1 0-0-0 0-1